Statistics for Pittsburgh Penguins 2023-24 Jersey Numbers

Click here to take the quiz!

General Stats

  • This quiz has been taken 63 times
  • The average score is 19 of 22

Answer Stats

Player NamePos#% Correct
Sidney Crosby (C)C87
100%
Tristan JarryG35
98%
Alex NedeljkovicG39
98%
Kris Letang (A)D58
98%
Erik KarlssonD65
98%
Jake GuentzelLW59
96%
Evgeni Malkin (A)C71
96%
Jeff CarterC77
96%
Reilly SmithLW19
94%
Rickard RakellRW67
94%
Drew O'ConnorLW10
91%
Marcus PetterssonD28
91%
Noel AcciariC55
91%
Bryan RustRW17
89%
Ryan GravesD27
89%
Lars EllerC20
87%
P.O. JosephD73
87%
Jansen HarkinsRW43
81%
Radim ZohornaC63
81%
Matt NietoLW83
77%
Chad RuhwedelD02
49%
Ryan SheaD05
45%

Score Distribution

Percentile by Number Answered

Percent of People with Each Score

Your Score History

You have not taken this quiz